[Event "Rheinland Pfalz op 3rd"]
[Site "Gau Algesheim"]
[Date "2011.07.31"]
[Round "7"]
[White "Schuetzler, Bernd"]
[Black "Lorenz, Hermann"]
[Result "1/2-1/2"]
[WhiteElo "1660"]
[BlackElo "1572"]
[PlyCount "31"]
[EventDate "2011.07.28"]
[EventType "swiss"]
[EventRounds "7"]
[EventCountry "GER"]
[SourceTitle "EXT 2013"]
[Source "ChessBase"]
[SourceDate "2012.11.22"]
[SourceVersion "1"]
[SourceVersionDate "2012.11.22"]
[SourceQuality "1"]

1. e4 d6 2. d4 Nf6 3. Nc3 g6 4. Nf3 Bg7 5. Be2 0-0 6. 0-0 c6 7. Be3 b5 8. a3 Bb7 9. Qc1 Re8 10. Bh6 Bh8 11. h3 a5 12. b4 a4 13. Qd2 Nbd7 14. Rad1 Rb8 15. Qe3 Nb6 16. Bf4 1/2-1/2

[Event "Arco op 32nd"]
[Site "Arco"]
[Date "2010.10.23"]
[Round "8"]
[White "Buglisi, Massimo"]
[Black "Schuetzler, Bernd"]
[Result "1-0"]
[WhiteElo "1875"]
[BlackElo "1707"]
[PlyCount "49"]
[EventDate "2010.10.16"]
[EventType "swiss"]
[EventRounds "9"]
[EventCountry "ITA"]
[SourceTitle "EXT 2024"]
[Source "ChessBase"]
[SourceDate "2023.10.10"]
[SourceVersion "1"]
[SourceVersionDate "2023.10.10"]
[SourceQuality "1"]

1. d4 d5 2. c4 Nc6 3. Nf3 Bg4 4. Nc3 e6 5. Bf4 Bb4 6. e3 Nge7 7. Be2 0-0 8. 0-0 dxc4 9. Bxc4 Bxc3 10. bxc3 a6 11. a4 Na5 12. Bd3 h6 13. Qc2 Bxf3 14. gxf3 f5 15. Kh1 c6 16. Rg1 Rf6 17. Be5 Rg6 18. e4 Qe8 19. exf5 Nxf5 20. Bxf5 exf5 21. Qxf5 Rxg1+ 22. Rxg1 Qf7 23. Rxg7+ Qxg7 24. Bxg7 Kxg7 25. Qxa5 1-0

[Event "Einhausen Ried op 5th"]
[Site "Einhausen"]
[Date "2010.05.02"]
[Round "7"]
[White "Schuetzler, Bernd"]
[Black "Hennings, Dirk"]
[Result "1/2-1/2"]
[WhiteElo "1794"]
[BlackElo "1595"]
[PlyCount "34"]
[EventDate "2010.04.29"]
[EventType "swiss"]
[EventRounds "7"]
[EventCountry "GER"]
[SourceTitle "CBM 136 Extra"]
[Source "ChessBase"]
[SourceDate "2010.07.02"]
[SourceVersion "2"]
[SourceVersionDate "2010.07.15"]
[SourceQuality "1"]

1. e4 c5 2. c3 g6 3. d4 cxd4 4. cxd4 d5 5. exd5 Nf6 6. Nf3 Bg7 7. Bb5+ Bd7 8. Bxd7+ Nbxd7 9. d6 0-0 10. dxe7 Qxe7+ 11. Be3 Ng4 12. 0-0 Nxe3 13. fxe3 Qxe3+ 14. Kh1 Rfe8 15. Nc3 Nf6 16. Re1 Qf4 17. Rxe8+ Rxe8 1/2-1/2

[Event "Daehne Cup Region I Hauptturnier"]
[Site "Hannover"]
[Date "2010.02.17"]
[Round "1"]
[White "Schuetzler, Bernd"]
[Black "Spiess, Thomas"]
[Result "0-1"]
[WhiteElo "1397"]
[BlackElo "1880"]
[PlyCount "110"]
[EventDate "2010.02.17"]
[EventType "k.o."]
[EventRounds "4"]
[EventCountry "GER"]
[SourceTitle "EXT 2022"]
[Source "ChessBase"]
[SourceDate "2021.10.06"]
[SourceVersion "1"]
[SourceVersionDate "2021.10.06"]
[SourceQuality "1"]

1. e4 c5 2. c3 Nf6 3. e5 Nd5 4. d4 cxd4 5. cxd4 Nc6 6. Nc3 Nxc3 7. bxc3 d6 8. exd6 Qxd6 9. Nf3 g6 10. Be2 Bg7 11. 0-0 0-0 12. a4 Bf5 13. Re1 Rfd8 14. Ba3 Qc7 15. Bb5 Bf6 16. Qe2 a6 17. Bd3 Bxd3 18. Qxd3 e6 19. Nd2 Rac8 20. Qh3 Rd5 21. Ne4 Bg7 22. g4 h5 23. g5 Qf4 24. Bc1 Qg4+ 25. Qxg4 hxg4 26. Nf6+ Bxf6 27. gxf6 Rf5 28. Rb1 Na5 29. Re5 Rxe5 30. dxe5 Rc7 31. Kg2 Nc4 32. Bf4 Kf8 33. Kg3 Ke8 34. Kxg4 Kd7 35. Rd1+ Kc6 36. Kg5 b5 37. axb5+ Kxb5 38. Rb1+ Kc6 39. Rb4 Kd5 40. Ra4 a5 41. Ra1 Ke4 42. Be3 Kd3 43. Bd4 Kc2 44. h4 Kb2 45. Ra4 Kb3 46. Ra1 a4 47. Kh6 a3 48. Rb1+ Kc2 49. Rb8 a2 50. Ra8 Kb1 51. Kg7 a1Q 52. Rxa1+ Kxa1 53. Bc5 Rxc5 54. Kxf7 Nxe5+ 55. Kxe6 Ng4 0-1

[Event "Nuremberg Zabo op 11th"]
[Site "Nuremberg"]
[Date "2009.09.19"]
[Round "2"]
[White "Klein, Markus"]
[Black "Schuetzler, Bernd"]
[Result "0-1"]
[WhiteElo "1525"]
[BlackElo "1151"]
[PlyCount "142"]
[EventDate "2009.09.18"]
[EventType "swiss"]
[EventRounds "5"]
[EventCountry "GER"]
[SourceTitle "EXT 2012"]
[Source "ChessBase"]
[SourceDate "2011.11.24"]
[SourceVersion "1"]
[SourceVersionDate "2011.11.24"]
[SourceQuality "1"]

1. d4 d5 2. Nf3 Nf6 3. c4 c6 4. Nc3 Bg4 5. Ne5 Bf5 6. e3 Nbd7 7. Nxd7 Bxd7 8. Qb3 Bc8 9. Bd3 e6 10. 0-0 Be7 11. Re1 0-0 12. Qc2 dxc4 13. Bxc4 c5 14. Rd1 cxd4 15. Rxd4 Qc7 16. Bd3 e5 17. Rh4 g6 18. Rc4 Qb6 19. Na4 Qd6 20. Nc3 Be6 21. Nb5 Qd8 22. Ra4 Rc8 23. Nc3 a6 24. Qe2 Qd6 25. Ne4 Nxe4 26. Bxe4 Rfd8 27. h3 Qd1+ 28. Qxd1 Rxd1+ 29. Kh2 Rcxc1 30. Rxc1 Rxc1 31. Bxb7 Rc2 32. Rxa6 Rxf2 33. Ra8+ Kg7 34. Re8 Bg5 35. e4 Rxb2 36. Bd5 Bf4+ 37. Kg1 Bxd5 38. exd5 Rd2 39. Rd8 e4 40. Kf1 Bg3 41. Re8 Rd4 42. Ke2 Bf4 43. a3 Rd2+ 44. Kf1 e3 45. Re4 Bd6 46. Rxe3 Rxd5 47. a4 Rd4 48. a5 Ra4 49. Rd3 Bc7 50. Rd7 Bxa5 51. Ra7 Ra1+ 52. Ke2 Bc3 53. Rc7 Bf6 54. Rc8 Ra2+ 55. Kf3 Ra4 56. g4 Bg5 57. h4 Bxh4 58. g5 Bxg5 59. Kg2 h5 60. Kh3 Ra3+ 61. Kg2 h4 62. Kh1 h3 63. Kh2 Bf4+ 64. Kg1 h2+ 65. Kg2 Ra1 66. Kf3 h1Q+ 67. Kxf4 Qh2+ 68. Kg4 Ra4+ 69. Kf3 Qh3+ 70. Ke2 Ra2+ 71. Kd1 Qh1# 0-1

[Event "Nuremberg Zabo op 11th"]
[Site "Nuremberg"]
[Date "2009.09.19"]
[Round "3"]
[White "Walch, Roger"]
[Black "Schuetzler, Bernd"]
[Result "1-0"]
[WhiteElo "1724"]
[BlackElo "1151"]
[PlyCount "63"]
[EventDate "2009.09.18"]
[EventType "swiss"]
[EventRounds "5"]
[EventCountry "GER"]
[SourceTitle "EXT 2012"]
[Source "ChessBase"]
[SourceDate "2011.11.24"]
[SourceVersion "1"]
[SourceVersionDate "2011.11.24"]
[SourceQuality "1"]

1. e4 e5 2. Nc3 Nf6 3. Bc4 Nc6 4. d3 d6 5. a3 Be7 6. Nge2 h6 7. 0-0 0-0 8. f4 exf4 9. Nxf4 Ne5 10. Bb3 c5 11. Qe1 b6 12. Ncd5 Bb7 13. Nxe7+ Qxe7 14. Qg3 a5 15. Bd2 b5 16. c4 b4 17. Rae1 Qd8 18. Bd1 Rb8 19. a4 Bc6 20. b3 Bb7 21. Nd5 Ng6 22. Nxf6+ gxf6 23. Bxh6 Re8 24. h4 Kh7 25. Bd2 Rg8 26. Qe3 Rg7 27. Rf5 Kg8 28. Rh5 Rh7 29. Rxh7 Kxh7 30. Qh6+ Kg8 31. h5 Ne5 32. Re3 1-0

[Event "Vellmar op 1st"]
[Site "Vellmar"]
[Date "2009.07.31"]
[Round "3"]
[White "Schuetzler, Bernd"]
[Black "Kirsch, Winfried"]
[Result "0-1"]
[WhiteElo "1081"]
[BlackElo "1514"]
[PlyCount "110"]
[EventDate "2009.07.30"]
[EventType "swiss"]
[EventRounds "7"]
[EventCountry "GER"]
[SourceTitle "EXT 2018"]
[Source "ChessBase"]
[SourceDate "2017.10.13"]
[SourceVersion "1"]
[SourceVersionDate "2017.10.13"]
[SourceQuality "1"]

1. e4 e5 2. Nf3 Nf6 3. Nxe5 Qe7 4. d4 d6 5. Nf3 Qxe4+ 6. Qe2 Be7 7. Qxe4 Nxe4 8. Bd3 Nf6 9. 0-0 0-0 10. Re1 Re8 11. Bg5 Nbd7 12. h3 h6 13. Bh4 g5 14. Bg3 Nh5 15. Bh2 Ndf6 16. Nbd2 Bd7 17. a3 g4 18. hxg4 Nxg4 19. c4 Nxh2 20. Kxh2 Bf6 21. g3 Ng7 22. Rab1 b6 23. d5 Bf5 24. Bxf5 Nxf5 25. Ne4 Bg7 26. g4 Nd4 27. Nxd4 Bxd4 28. b3 Rf8 29. Rbd1 Be5+ 30. Kg2 f5 31. gxf5 Rxf5 32. Rh1 Kh7 33. Rdg1 Rg8+ 34. Kf1 Rxg1+ 35. Kxg1 a5 36. a4 Kg6 37. Kf1 Rf3 38. Rg1+ Kf7 39. Nd2 Rh3 40. Kg2 Rd3 41. Nf3 Rxb3 42. Nxe5+ dxe5 43. Re1 Kf6 44. Rd1 Ke7 45. Re1 Kd6 46. Rh1 Kc5 47. Rxh6 Kxc4 48. d6 cxd6 49. Rxd6 Kc5 50. Re6 Kd5 51. Rh6 Rb4 52. Rh5 Rxa4 53. Kg3 Rb4 54. Rf5 a4 55. f4 Rxf4 0-1